Najvyšší súd potvrdil nezákonnosť benzínového kartelu
Protimonopolné právo najnovším právnym odvetvím v SR. Zákon č.63/1991 Zb. o ochrane hospodárskej súťaže. Výklad pojmov kartelové dohody, paralelné správanie, zosúladený postup. Nepriame dôkazy. Neškodnosť výmeny informácií. Aplikácia zákona na prípad Slovnaftu, a.s. a Benzinolu, a.s.
Salvato in:
| Autore principale: | |
|---|---|
| Natura: | Capitolo di libro |
| Lingua: | slovacco |
| Soggetti: | |
| Tags: |
Nessun Tag, puoi essere il primo ad aggiungerne!!
|
MARC
| LEADER | 00000naa a2200000 4500 | ||
|---|---|---|---|
| 001 | r015434 | ||
| 005 | 20221205091202.1 | ||
| 041 | 0 | |a slo | |
| 044 | |a SK | ||
| 245 | 1 | 0 | |a Najvyšší súd potvrdil nezákonnosť benzínového kartelu |c M. Banas |
| 520 | |a Protimonopolné právo najnovším právnym odvetvím v SR. Zákon č.63/1991 Zb. o ochrane hospodárskej súťaže. Výklad pojmov kartelové dohody, paralelné správanie, zosúladený postup. Nepriame dôkazy. Neškodnosť výmeny informácií. Aplikácia zákona na prípad Slovnaftu, a.s. a Benzinolu, a.s. | ||
| 610 | 2 | 0 | |a politika protimonopolná |
| 610 | 2 | 0 | |a Slovensko |
| 610 | 2 | 0 | |a zákony |
| 610 | 2 | 0 | |a 1991 |
| 610 | 2 | 0 | |a súťaž hospodárska |
| 610 | 2 | 0 | |a Slovnaft, a.s. Bratislava |
| 610 | 2 | 0 | |a Benzinol, a.s. Bratislava |
| 610 | 2 | 0 | |a pojmy |
| 610 | 2 | 0 | |a Najvyšší súd SR Košice |
| 100 | 1 | |a Banas, M. | |